000 00460nam a2200181Ia 4500
001 24339
005 20260414151036.0
008 260414t2024||||xx |||||||||||||| ||spa||
041 _aESP
082 _a345.32
_bC34
100 _aCastillo Alva, José Luis,
_eAUT
245 0 _aLa presunción de inocencia como regla de tratamiento
_b
260 _c2024
300 _a591 páginas :
_c25 cm.
650 _aDER
654 _aCDE
942 _cLIB
_dJUS
_fJUS
_2ddc
_n
999 _c24339
_d24339